Teoría de autómatas y lenguajes formales

保存先:
書誌詳細
主要な著者: García Gómez, Pedro (著者), Pérez, Tomás (著者), Ruiz, José (著者), Segarra, Encarna (著者), Sempere, José M (著者), Vázquez de Parga, M (著者)
フォーマット: 図書
言語:スペイン語
出版事項: Ciudad de México Alfaomega 2001
シリーズ:Alfaomega, 661
主題:
タグ: タグ追加
タグなし, このレコードへの初めてのタグを付けませんか!

MARC

LEADER 00000nam a2200000 a 4500
001 UCN2481
003 CL-VaPUC
005 20230531162031.0
008 010530e20010000MX |||||||||||||||||spa|d
999 |c 295582  |d 295580 
040 |c Pontificia Universidad Católica de Valparaíso 
082 0 4 |a 004  |b GAR  |2 21 
100 |a García Gómez, Pedro  |e author  |9 458415 
245 1 0 |a Teoría de autómatas y lenguajes formales 
260 |a Ciudad de México  |b Alfaomega  |c 2001 
300 |a 157 p 
490 0 |a Alfaomega, 661 
583 |a last modification  |c 20010530 00:00:00  |k Rodrigo Vera 
650 0 |a Alfabetos  |9 265604 
650 0 |a lenguajes formales  |9 271030 
650 0 |a máquinas de Mealy  |9 458421 
650 0 |a máquinas de moore  |9 458422 
650 0 |a teorema de Nerode  |2 CL-VaPUC  |9 458423 
700 0 |a Pérez, Tomás  |e author  |9 458416 
700 0 |a Ruiz, José  |e author  |9 458417 
700 0 |a Segarra, Encarna  |e author  |9 458418 
700 0 |a Sempere, José M  |e author  |9 458419 
700 0 |a Vázquez de Parga, M  |e author  |9 458420 
942 |c BK  |2 ddc 
945 |d 20010530 00:00:00  |a vberengu 
952 |0 0  |1 0  |2 ddc  |4 0  |6 004_000000000000000_GAR_2001  |7 0  |8 A  |9 348843  |a BIBING  |b BIBING  |c RES  |d 2019-11-20  |i 3729141  |o 004 GAR 2001  |p 3729141  |r 2025-01-20  |w 2019-11-20  |y BK  |k CCI 
952 |0 0  |1 0  |2 ddc  |4 0  |6 004_000000000000000_GAR_2001  |7 0  |8 A  |9 348844  |a BIBING  |b BIBING  |c RES  |d 2019-11-20  |i 372915K  |o 004 GAR 2001  |p 372915K  |r 2025-01-20  |w 2019-11-20  |y BK  |k CCI 
952 |0 0  |1 0  |2 ddc  |4 0  |6 004_000000000000000_GAR_2001  |7 0  |8 A  |9 348845  |a BIBING  |b BIBING  |c RES  |d 2019-11-20  |i 3729168  |l 1  |o 004 GAR 2001  |p 3729168  |r 2025-01-20  |s 2024-05-08  |w 2019-11-20  |y BK  |k CCI 
952 |0 0  |1 0  |2 ddc  |4 0  |6 004_000000000000000_GAR_2001  |7 0  |8 A  |9 348846  |a BIBING  |b BIBING  |c RES  |d 2019-11-20  |i 3729176  |o 004 GAR 2001  |p 3729176  |r 2025-01-20  |w 2019-11-20  |y BK  |k CCI